Calculus : (Record no. 7811)

MARC details
000 -LEADER
fixed length control field 01111nac a22003491i 4500
003 - CONTROL NUMBER IDENTIFIER
control field EG-ScBUE
005 - DATE AND TIME OF LATEST TRANSACTION
control field 20241010093105.0
008 - FIXED-LENGTH DATA ELEMENTS--GENERAL INFORMATION
fixed length control field 150825t2003 caua f 001 0 eng d
020 ## - INTERNATIONAL STANDARD BOOK NUMBER
International Standard Book Number 9780534274092
020 ## - INTERNATIONAL STANDARD BOOK NUMBER
International Standard Book Number 0534274099
035 ## - SYSTEM CONTROL NUMBER
System control number (DLC) 2002112185
040 ## - CATALOGING SOURCE
Original cataloging agency EG-ScBUE
Language of cataloging eng
Description conventions rda
Transcribing agency EG-ScBUE
Modifying agency EG-ScBUE
082 04 - DEWEY DECIMAL CLASSIFICATION NUMBER
Classification number 515.15
Item number STE
Edition number 22
100 1# - MAIN ENTRY--PERSONAL NAME
Personal name Stewart, James,
Relator term author.
245 10 - TITLE STATEMENT
Title Calculus :
Remainder of title early transcendentals /
Statement of responsibility, etc James Stewart, McMaster University.
250 ## - EDITION STATEMENT
Edition statement Fifth edition.
250 ## - EDITION STATEMENT
Edition statement International student edition.
264 #1 - PUBLICATION, DISTRIBUTION, ETC. (IMPRINT)
Place of publication, distribution, etc Belmont, CA :
Name of publisher, distributor, etc Thomson/Brooks/Cole,
Date of publication, distribution, etc [2003]
264 #4 - PUBLICATION, DISTRIBUTION, ETC. (IMPRINT)
Date of publication, distribution, etc c2003
300 ## - PHYSICAL DESCRIPTION
Extent 1 volume (various pagings) :
Other physical details illustrations (some color) ;
Dimensions 26 cm +
Accompanying material 2 CD
336 ## - CONTENT TYPE
Source rdacontent
Content type term text
Content type code txt
336 ## - CONTENT TYPE
Source rdacontent
Content type term sounds
Content type code snd
337 ## - MEDIA TYPE
Media type term unmediated
Source rdamedia
Media type code n
337 ## - MEDIA TYPE
Media type term unmediated
Source rdamedia
Media type code n
338 ## - CARRIER TYPE
Carrier type term volume
Carrier type code nc
Source rdacarrier
338 ## - CARRIER TYPE
Carrier type term computer disc
Carrier type code cd
Source rdacarrier
500 ## - GENERAL NOTE
General note Includes index.
650 #7 - SUBJECT ADDED ENTRY--TOPICAL TERM
Topical term or geographic name as entry element Calculus.
Source of heading or term BUEsh
651 ## - SUBJECT ADDED ENTRY--GEOGRAPHIC NAME
Source of heading or term BUEsh
655 ## - INDEX TERM--GENRE/FORM
Form subdivision Reading book
942 ## - ADDED ENTRY ELEMENTS (KOHA)
Koha item type NB - Book (Non borrowing)
Source of classification or shelving scheme Dewey Decimal Classification
Holdings
Withdrawn status Lost status Source of classification or shelving scheme Damaged status Not for loan Collection code Home library Current library Shelving location Date acquired Source of acquisition Total Checkouts Full call number Barcode Date last seen Koha item type Total Renewals Date checked out Checked out
    Dewey Decimal Classification     Alahram Central Library Central Library First floor 06/02/2008 Purchase 3 515.15 STE 000009241 15/07/2025 NB - Book (Non borrowing)      
    Dewey Decimal Classification     Alahram Central Library Central Library First floor 06/02/2008 Purchase 12 515.15 STE 000009219 15/07/2025 Book - Borrowing 52 25/09/2019  
    Dewey Decimal Classification     Alahram Central Library Central Library First floor 06/02/2008 Purchase 11 515.15 STE 000009230 29/09/2025 Book - Borrowing 40 29/09/2025 04/03/2026